Frank Lloyd Wright (Record no. 43969)

MARC details
000 -LEADER
fixed length control field 00759nam a2200205 a 4500
008 - FIXED-LENGTH DATA ELEMENTS--GENERAL INFORMATION
fixed length control field 120416s1995 ||||||||||||||||| || u
020 ## - INTERNATIONAL STANDARD BOOK NUMBER
International Standard Book Number 0419203109
050 ## - LIBRARY OF CONGRESS CALL NUMBER
Classification number NA 737.W93 Tre
100 ## - MAIN ENTRY--PERSONAL NAME
Personal name Treiber, Daniel
245 10 - TITLE STATEMENT
Title Frank Lloyd Wright
250 ## - EDITION STATEMENT
Edition statement 1st English language ed.
260 ## - PUBLICATION, DISTRIBUTION, ETC.
Place of publication, distribution, etc. London
Name of publisher, distributor, etc. E & FN Spon
Date of publication, distribution, etc. 1995
300 ## - PHYSICAL DESCRIPTION
Extent 133 p.: ill.
350 ## - PRICE (NR) (BK AM CF MU VM SE) [OBSOLETE]
Price 0.00
490 ## - SERIES STATEMENT
Series statement Architecture collection
500 ## - GENERAL NOTE
General note Includes index. -Translated from the French. -Bibliography: p. 133.
650 ## - SUBJECT ADDED ENTRY--TOPICAL TERM
Topical term or geographic name entry element WRIGHT, FRANK LLOYD, 1867-1959--CRITICISM AND INTERPRETATION
650 ## - SUBJECT ADDED ENTRY--TOPICAL TERM
Topical term or geographic name entry element TEXTBOOKS
995 ## - RECOMMENDATION 995 [LOCAL, UNIMARC FRANCE]
-- 0.00
-- CBU-MAIN LIBRARY (Kitwe)
-- 1
-- 0.00
-- 1
-- AVAILABLE
-- Main Library Open Access Collection
Holdings
Withdrawn status Lost status Source of classification or shelving scheme Damaged status Not for loan Home library Current library Shelving location Date acquired Total Checkouts Full call number Barcode Date last seen Price effective from Koha item type
          CBU-MAIN LIBRARY, KITWE. CBU-MAIN LIBRARY, KITWE.   11/30/2022   NA 737.W93 Tre 027487 11/30/2022 11/30/2022 MONOGRAPH